| 000 | 00879nam a2200253Ia 4500 | ||
|---|---|---|---|
| 003 | OSt | ||
| 005 | 20220916110921.0 | ||
| 006 | a|||||r|||| 00| 0 | ||
| 007 | ta | ||
| 008 | 220915b |||||||| |||| 00| 0 hin d | ||
| 024 | _a41576 | ||
| 037 | _cTextbook | ||
| 040 |
_bhin _aARTS _cARTS |
||
| 041 | _ahin | ||
| 082 | _aO15v:E, 152L3 (TTPS) | ||
| 100 | _aशास्त्री, दयाशंकर | ||
| 245 | 0 | _aसंस्कृत साहित्य का इतिहास | |
| 246 | _aSanskṛut sāhitya kā itihāsa | ||
| 260 |
_aकानपुर _bभारतीय प्रकाशन भारत _c1973 |
||
| 300 |
_a217पण् _ccm. |
||
| 650 | _aहिन्दी साहित्य | ||
| 942 |
_hO15v:E, 152L3 (TTPS) _cTB _2CC |
||
| 999 |
_c101332 _d101332 |
||